000
00270nam a2200097Ia 4500
001
1146152
005
20250827010246.0
008
250824s9999 xx 000 0 und d
245
0
_a
YALTACIKOĞLU YUMSIK
_c
SÜLEYMAN TEYEK
260
_b
MİLLİ EĞİTİM BAKANLIĞI YAYINLARI
999
_c
1146152
_d
1146152